Alejandro Dumas (Padre) (Record no. 94769)
[ view plain ]
| 000 -LEADER | |
|---|---|
| campo de control de longitud fija | 00597nam a2200181 i 4500 |
| 001 - NÚMERO DE CONTROL | |
| campo de control | 94769 |
| 003 - IDENTIFICADOR DE NÚMERO DE CONTROL | |
| campo de control | ES-MaACL |
| 005 - FECHA Y HORA DE LA ÚLTIMA TRANSACCIÓN | |
| campo de control | 20230906181543.0 |
| 007 - CAMPO FIJO DE DESCRIPCIÓN FÍSICA--INFORMACIÓN GENERAL | |
| campo de control de longitud fija | t| |
| 008 - DATOS DE LONGITUD FIJA--INFORMACIÓN GENERAL | |
| campo de control de longitud fija | 050516s1929 sp ||||1| spa d |
| 100 ## - ENTRADA PRINCIPAL--NOMBRE DE PERSONA | |
| Nombre de persona | Lucas-Dubreton, Jean, |
| Fechas asociadas al nombre | 1883-1972 |
| 9 (RLIN) | 233684 |
| 245 10 - MENCIÓN DEL TÍTULO | |
| Título | Alejandro Dumas (Padre) |
| Resto del título | : la novela de los grandes hombres / |
| Mención de responsabilidad, etc. | J. Lucas-Dubreton; traducción de Francisco Almela y Vives. |
| 260 ## - PUBLICACIÓN, DISTRIBUCIÓN, ETC. | |
| Lugar de publicación, distribución, etc. | Madrid : |
| Nombre del editor, distribuidor, etc. | Aguilar, |
| Fecha de publicación, distribución, etc. | 1929. |
| 300 ## - DESCRIPCIÓN FÍSICA | |
| Extensión | 271 p. ; |
| Dimensiones | 20 cm. |
| 700 1# - ENTRADA AGREGADA--NOMBRE PERSONAL | |
| Nombre de persona | Almela i Vives, Francesc. |
| 9 (RLIN) | 20131 |
| 852 ## - LOCALIZACIÓN | |
| Ubicación | ES-MaACL |
| Número de control de estantería | A-4643 |
| Sublocalización o colección | R.16603 |
| Estatus retirado | Estado de pérdida | Estado de daño | No para préstamo | Biblioteca de origen | Biblioteca actual | Ubicación en estantería | Fecha de adquisición | Fuente de adquisición | Total de préstamos | Signatura topográfica completa | Código de barras | Visto por última vez | Precio de reemplazo | Tipo de ítem Koha |
|---|---|---|---|---|---|---|---|---|---|---|---|---|---|---|
| Biblioteca del Ateneo de Madrid | Biblioteca del Ateneo de Madrid | Sala Pecera Planta 1 | 17/01/2008 | A-4643 | 1098972 | 23/02/2023 | 23/02/2023 | Libro impreso |
